Vegetables of the Dutch East Indies: Survey of the indigenous and foreign plants serving as pot herbs and side dishes (Record no. 28754)

MARC details
000 -LEADER
fixed length control field 00391nam a2200121Ia 4500
082 ## - DEWEY DECIMAL CLASSIFICATION NUMBER
Classification number 635.1/.8(910)
Item number OCH
100 ## - MAIN ENTRY--AUTHOR NAME
Personal name OCHSE, J J
245 #0 - TITLE STATEMENT
Title Vegetables of the Dutch East Indies: Survey of the indigenous and foreign plants serving as pot herbs and side dishes
260 ## - PUBLICATION, DISTRIBUTION, ETC. (IMPRINT)
Place of publication Amsterdam
Name of publisher A Asher
Year of publication 1977
650 ## - SUBJECT ADDED ENTRY--TOPICAL TERM
Topical Term Vegetables
942 ## - ADDED ENTRY ELEMENTS (KOHA)
Koha item type Books
Holdings
Withdrawn status Lost status Damaged status Not for loan Home library Current library Date acquired Full call number Accession Number Koha item type
        RRII Library RRII Library 16/12/2021 635.1/.8(910) OCH 09348 Books